|
|
|
|
| LEADER |
00000nas a2200000 4500 |
| 001 |
vtls012282893 |
| 003 |
SK-MaSNL |
| 005 |
20260228160207.0 |
| 008 |
250918d18431845gw br p 000 b0ger |
| 015 |
|
|
|a SNBHFB
|
| 040 |
|
|
|a SNKHF
|b slo
|c SNKHF
|e rda
|
| 041 |
0 |
|
|a ger
|
| 043 |
|
|
|a e------
|
| 044 |
|
|
|a gw
|c DE
|
| 072 |
|
7 |
|a 32
|x Politika
|2 konspekt
|
| 080 |
|
|
|a (051)-048.55
|2 2011
|
| 080 |
|
|
|a 94(4)
|2 2011
|
| 080 |
|
|
|a 32
|2 2011
|
| 245 |
0 |
0 |
|a Bibliothek Politischer Reden aus dem 18.und 19. Jahrhundert
|
| 264 |
|
1 |
|a Berlin
|b Verlag der Voß'schen Buchhandlung
|c 1843-[1845]
|
| 300 |
|
|
|c 16 cm
|
| 310 |
|
|
|a 1x za dva mesiace
|
| 336 |
|
|
|a text
|b txt
|2 rdacontent
|
| 337 |
|
|
|a bez média
|b n
|2 rdamedia
|
| 338 |
|
|
|a zväzok
|b nc
|2 rdacarrierr
|
| 362 |
0 |
|
|a 1.1843-6.1844; [Neue Ausg. 1.1845-6.1845?]
|z ZDB/2025
|
| 546 |
|
|
|a Nemčina
|b Fraktúra
|
| 561 |
|
|
|a Proveniencia: Oválna pečiatka Gróf Zay Könyvtár
|5 SNK ČD 2621/1843-1844
|
| 650 |
0 |
7 |
|a politika
|2 SNKPH
|9 968
|
| 651 |
|
7 |
|a Európa
|x dejiny
|2 SNKPH(geo)
|9 170615
|
| 655 |
|
7 |
|a špecializované časopisy
|2 SNKPH
|9 70509
|
| 710 |
2 |
|
|a Vossische Buchhandlung (Berlin, Nemecko),
|d 1693-1903
|4 pbl
|9 266124
|
| 752 |
|
|
|a Nemecko
|d Berlín
|
| 852 |
|
|
|a snk
|b Zaiova knižnica: Zay 15190-15202
|p ČD 2621/1843-1844
|
| 958 |
|
|
|a DF
|
| 999 |
|
|
|c 1863
|d 3793
|
| 952 |
|
|
|0 0
|1 0
|4 0
|7 0
|8 5
|a SNK
|b SNK
|c SNK_HF
|d 2025-09-18
|i snk2025/14640
|l 0
|o snkČD 2622/1843
|p 17A1568805
|r 2026-02-21 22:34:41
|t Zay 15190-15194
|w 2026-02-21
|y PREZ
|
| 952 |
|
|
|0 0
|1 0
|4 0
|7 0
|8 5
|a SNK
|b SNK
|c SNK_HF
|d 2025-09-18
|i snk2025/14641
|l 0
|o snkČD 2622/1844
|p 17A1568804
|r 2026-02-21 22:34:41
|t Zay 15195-15202
|w 2026-02-21
|y PREZ
|